Statistiques concernant Paroles Didier Super - Y en a des biens

Cliquez ici pour prendre le quiz!

Statistiques générales

  • Ce quiz a été pris 51 fois
  • Le résultat moyen est 155 sur 215

Statistiques - réponses

Paroles% Correct
a
100%
c'
98%
d'
98%
Le
98%
le
98%
Les
98%
les
98%
bien
95%
de
95%
en
95%
est
95%
y
95%
Y
95%
des
93%
comme
85%
Et
76%
et
76%
putes
63%
Arabes
61%
la
61%
Noirs
56%
qui
51%
artistes
44%
Mais
41%
certains
39%
handicapés
39%
jeunes
39%
aux
37%
ses
34%
drogués
32%
pédés
32%
quand
29%
Romanos
29%
dans
27%
lépreux
27%
lesbiennes
27%
même
27%
vont
27%
curés
24%
24%
filles
24%
fois
24%
leur
24%
mecs
24%
pédophiles
20%
policiers
20%
font
17%
on
17%
clochards
15%
faire
12%
capote
10%
celles
10%
certaines
10%
chier
10%
gros
10%
intégristes
10%
marques
10%
pape
10%
allez
7%
chefs
7%
copains
7%
entreprise
7%
gais
7%
mère
7%
militaires
7%
alcooliques
5%
avortent
5%
Bush
5%
chante
5%
dépressifs
5%
homosexuels
5%
père
5%
refoulés
5%
tête
5%
vieilles
5%
auraient
2%
catholiques
2%
Noël
2%
psychiatres
2%

Distribution des résultats

Percentile par nombre de réponses

% des personnes avec chaque résultat

Votre développement - résultats

Vous n’avez pas pris ce quiz